000 00518nam a2200169 i 4500
001 22928
003 ES-MaACL
005 20230906152800.0
007 t|
008 021205s1956 sp ||||1| spa d
100 1 _aAlvarez-Sierra, José.
_9180820
245 1 0 _aCarlos III y la higiene pública
_b: (folleto para médicos) /
_cJosé Alvarez-Sierra.
260 _aMadrid :
_b[s.n.],
_c1956 (
_fGráf. González)
300 _a55 p., 7 lám. ;
_c19 cm.
852 _aES-MaACL
_j1995-F-11
_bR.39688
999 _c22928
_d22928